000 00908nam a2200253 u 4500
001 000025262
005 20200930023651.0
008 110209s1996 mx r 000 | spa d
040 _aDO-SdBNP
_bspa
_cBNPHU
041 1 7 _aspa
_heng
_2Código de idiomas MARC
082 _axxx
_bB928i
100 1 _aBuergenthal , Thomas
_951764
240 0 _aInternational human rights
_lEspañol
245 1 3 _aDerechos humanos internacionales /
_cThomas Buergenthal ; traducción Ángel Carlos González Ruiz; edición Elsa López Paniagua.
250 _a2a ed.
260 _aMéxico, D. F. :
_bGernika,
_c1996.
300 _a376 p. ;
_c21 cm.
490 1 _aCiencias Políticas
_v32.
534 _aTítulo original e inglés :
_tInternational human rights
700 1 _aGonzález Ruiz, Ángel Carlos
_etr.
_98969
700 1 _aLópez Paniagua , Elsa
_951765
830 0 _aCiencias Políticas,
_v32
_948695
049 _aBNGR
999 _c24755
_d24755